[Event "Masdenverge op 6th"]
[Site "Masdenverge"]
[Date "2017.07.01"]
[Round "4"]
[White "Benaiges Fontanet, German"]
[Black "Aguilar Vallcorba, Manel"]
[Result "1-0"]
[WhiteElo "1986"]
[BlackElo "1600"]
[PlyCount "69"]
[EventDate "2017.06.30"]
[EventType "swiss"]
[EventRounds "7"]
[EventCountry "ESP"]
[SourceTitle "EXT 2019"]
[Source "ChessBase"]
[SourceDate "2018.10.10"]
[SourceVersion "1"]
[SourceVersionDate "2018.10.10"]
[SourceQuality "1"]

1. d4 b5 2. a4 b4 3. c4 a5 4. e3 Bb7 5. Nf3 e6 6. Bd3 Qf6 7. Nbd2 d5 8. Qe2 Qd8 9. cxd5 Bxd5 10. e4 Bb7 11. Nc4 h6 12. 0-0 Be7 13. b3 Nf6 14. Bb2 0-0 15. Rad1 c6 16. Rfe1 Re8 17. Bb1 Ba6 18. Qc2 g6 19. Bc1 Bf8 20. Nfe5 Qe7 21. f4 Nfd7 22. Qf2 Bxc4 23. Nxc4 f6 24. Qg3 Qg7 25. Bb2 Re7 26. Qf3 Ra7 27. Nd6 Rc7 28. f5 g5 29. e5 fxe5 30. dxe5 Rf7 31. f6 Nxf6 32. exf6 Qh8 33. Nxf7 Rxf7 34. Rxe6 Bc5+ 35. Kh1 1-0

[Event "Tarragona Province-ch B"]
[Site "Tarragona"]
[Date "2015.11.08"]
[Round "6.1"]
[White "Gracia Train, Carles"]
[Black "Aguilar Vallcorba, Manel"]
[Result "1-0"]
[WhiteElo "1859"]
[BlackElo "1846"]
[PlyCount "25"]
[EventDate "2015.09.27"]
[EventType "swiss"]
[EventRounds "9"]
[EventCountry "ESP"]
[SourceTitle "EXT 2024"]
[Source "ChessBase"]
[SourceDate "2023.10.10"]
[SourceVersion "1"]
[SourceVersionDate "2023.10.10"]
[SourceQuality "1"]

1. d4 Nf6 2. Bg5 e6 3. e4 Be7 4. Bd3 d6 5. Nf3 Ng4 6. Bxe7 Qxe7 7. Nbd2 b6 8. Qe2 a5 9. 0-0 Ba6 10. c4 0-0 11. e5 Nd7 12. Qe4 Nh6 13. Qxh7# 1-0

[Event "Tarragona Calbet Memorial"]
[Site "Tarragona"]
[Date "2013.04.13"]
[Round "1"]
[White "Fernandez Soriano, Ruben"]
[Black "Aguilar Vallcorba, Manel"]
[Result "1-0"]
[WhiteElo "2120"]
[BlackElo "1665"]
[PlyCount "61"]
[EventDate "2013.04.13"]
[EventType "swiss"]
[EventRounds "8"]
[EventCountry "ESP"]
[SourceTitle "EXT 2014"]
[Source "ChessBase"]
[SourceDate "2013.11.20"]
[SourceVersion "1"]
[SourceVersionDate "2013.11.20"]
[SourceQuality "1"]

1. d4 Nf6 2. c4 e6 3. Nc3 c6 4. e4 Bb4 5. Bd3 Bxc3+ 6. bxc3 d6 7. f4 0-0 8. Nf3 Qa5 9. Qc2 g6 10. 0-0 b5 11. cxb5 cxb5 12. f5 exf5 13. exf5 Qc7 14. Bh6 Ng4 15. Bxf8 Kxf8 16. Rae1 Kg7 17. h3 Nf6 18. Ng5 h6 19. Ne4 g5 20. Qd2 Nbd7 21. Nxg5 Nf8 22. Rf3 N8h7 23. Nxh7 Kxh7 24. Rfe3 Bd7 25. Re7 Kg7 26. Bxb5 Rd8 27. Qe3 Nd5 28. Qg3+ Kf8 29. f6 Nxf6 30. Qh4 Qxc3 31. Qxf6 1-0

[Event "Tarragona Province-ch Seniors"]
[Site "Cambrils"]
[Date "2013.02.28"]
[Round "5"]
[White "Ferrer Dalmau, Josep Antonio"]
[Black "Aguilar Vallcorba, Manel"]
[Result "1-0"]
[WhiteElo "1788"]
[BlackElo "1665"]
[PlyCount "91"]
[EventDate "2013.01.31"]
[EventType "swiss"]
[EventRounds "8"]
[EventCountry "ESP"]
[SourceTitle "EXT 2017"]
[Source "ChessBase"]
[SourceDate "2016.10.25"]
[SourceVersion "1"]
[SourceVersionDate "2016.10.25"]
[SourceQuality "1"]

1. d4 Nf6 2. c4 e6 3. Nc3 c6 4. Nf3 Bb4 5. Qc2 h6 6. a3 Be7 7. Bf4 d6 8. e3 Nh5 9. Bg3 Nd7 10. Bd3 Nxg3 11. hxg3 Nf8 12. e4 Bd7 13. d5 Rc8 14. Nd2 a6 15. f4 cxd5 16. exd5 b5 17. cxb5 Bxb5 18. Bxb5+ axb5 19. Qb3 Rb8 20. Nxb5 Qb6 21. a4 exd5 22. Qxd5 Rc8 23. Nc4 Rxc4 24. Qxc4 Ne6 25. Qc8+ Bd8 26. 0-0-0 Qe3+ 27. Kb1 Qe4+ 28. Qc2 Qxc2+ 29. Kxc2 0-0 30. Rxd6 Be7 31. Rd7 Rc8+ 32. Kb1 Bf6 33. Rc1 Rb8 34. Rc2 Nf8 35. Rdc7 Rd8 36. a5 Rd5 37. R7c5 Rd1+ 38. Ka2 Rd8 39. a6 Bd4 40. Nxd4 Rxd4 41. R2c4 Rd6 42. Rc6 Rd5 43. Ra4 Rd8 44. a7 Ra8 45. Rb6 Nd7 46. Rb7 1-0

[Event "Tarragona Province-ch Seniors"]
[Site "Cambrils"]
[Date "2013.01.31"]
[Round "1"]
[White "Aguilar Vallcorba, Manel"]
[Black "Duran Vallverdu, Juan"]
[Result "0-1"]
[WhiteElo "1665"]
[BlackElo "2002"]
[PlyCount "64"]
[EventDate "2013.01.31"]
[EventType "swiss"]
[EventRounds "8"]
[EventCountry "ESP"]
[SourceTitle "EXT 2017"]
[Source "ChessBase"]
[SourceDate "2016.10.25"]
[SourceVersion "1"]
[SourceVersionDate "2016.10.25"]
[SourceQuality "1"]

1. b3 e5 2. Bb2 Nc6 3. e3 d5 4. Bb5 Bd6 5. Nc3 Nf6 6. Bxc6+ bxc6 7. h3 0-0 8. Nge2 Be6 9. Qc1 Qd7 10. Ba3 c5 11. Na4 Qc6 12. d3 Rfe8 13. Qb2 Rab8 14. 0-0-0 c4 15. dxc4 dxc4 16. Bxd6 cxd6 17. Nac3 cxb3 18. axb3 Rec8 19. f3 Qb6 20. e4 Nd7 21. Nd5 Bxd5 22. Rxd5 Qe3+ 23. Kb1 Qxe2 24. Rhd1 Nb6 25. R5d2 Qb5 26. Rxd6 Nc4 27. Qc3 Nxd6 28. Qb2 Nc4 29. Qa2 Rd8 30. Rxd8+ Rxd8 31. Qxa7 Rd1+ 32. Ka2 Qa5+ 0-1

[Event "Tarragona Province-chA"]
[Site "Tarragona"]
[Date "2008.05.17"]
[Round "5"]
[White "Aguilar Vallcorba, Manel"]
[Black "Pamies Martinez, Lluis"]
[Result "0-1"]
[WhiteElo "1711"]
[BlackElo "1929"]
[PlyCount "79"]
[EventDate "2008.04.19"]
[EventType "swiss"]
[EventRounds "8"]
[EventCountry "ESP"]
[SourceTitle "EXT 2019"]
[Source "ChessBase"]
[SourceDate "2018.10.10"]
[SourceVersion "1"]
[SourceVersionDate "2018.10.10"]
[SourceQuality "1"]

1. b4 b6 2. Bb2 e6 3. a3 Bb7 4. c4 Nf6 5. Nc3 a5 6. b5 d5 7. d3 dxc4 8. dxc4 Qxd1+ 9. Rxd1 Nbd7 10. f3 Be7 11. Nh3 0-0 12. Nf2 Ne5 13. e4 Ng6 14. Be2 Rfd8 15. 0-0 Nd7 16. Kh1 Nc5 17. Rxd8+ Rxd8 18. Rd1 Rxd1+ 19. Ncxd1 f6 20. Ne3 Nf4 21. Bd1 Ncd3 22. Nxd3 Nxd3 23. Bd4 Bxa3 24. Nc2 Bc5 25. Bxc5 Nxc5 26. Na3 Kf8 27. Bc2 Ke7 28. Kg1 Bc8 29. Kf2 e5 30. Ke3 Be6 31. f4 Kd6 32. f5 Bf7 33. g4 Nb7 34. Bb3 Kc5 35. Kd3 Kb4 36. Nb1 Nc5+ 37. Ke3 Nxb3 38. h4 Bxc4 39. g5 a4 40. g6 0-1

[Event "Roncana op 1st"]
[Site "Santa Eulalia de Roncana"]
[Date "2007.09.22"]
[Round "2"]
[White "Villa Izquierdo, Roberto"]
[Black "Aguilar Vallcorba, Manel"]
[Result "1-0"]
[WhiteElo "2152"]
[BlackElo "1737"]
[PlyCount "59"]
[EventDate "2007.09.15"]
[EventType "swiss"]
[EventRounds "9"]
[EventCountry "ESP"]
[SourceTitle "EXT 2009"]
[Source "ChessBase"]
[SourceDate "2008.11.26"]
[SourceVersion "1"]
[SourceVersionDate "2008.11.26"]
[SourceQuality "1"]

1. d4 d5 2. e3 Nf6 3. Bd3 e6 4. Nd2 Nc6 5. f4 Bd6 6. c3 Bd7 7. Ngf3 h6 8. Ne5 Qe7 9. 0-0 a6 10. Qf3 0-0-0 11. b4 Na7 12. a4 c6 13. Qe2 Kc7 14. Bb2 Ra8 15. e4 dxe4 16. Nxe4 Bxe5 17. fxe5 Nxe4 18. Bxe4 f5 19. exf6 gxf6 20. Bc1 h5 21. Bf4+ e5 22. Bf3 Bg4 23. Bxg4 hxg4 24. dxe5 f5 25. e6+ Kc8 26. Rad1 Re8 27. Qe5 Rd8 28. Rxd8+ Qxd8 29. e7 Qb6+ 30. Be3 1-0

[Event "Benidorm op U2000 06th"]
[Site "Benidorm"]
[Date "2007.??.??"]
[Round "1"]
[White "Aguilar Vallcorba, Manel"]
[Black "Quintino, Luis Felipe Pires"]
[Result "0-1"]
[WhiteElo "1695"]
[BlackElo "1985"]
[PlyCount "84"]
[EventDate "2007.11.??"]
[EventType "swiss"]
[EventRounds "9"]
[EventCountry "ESP"]
[SourceTitle "EXT 2010"]
[Source "ChessBase"]
[SourceDate "2010.11.25"]
[SourceVersion "1"]
[SourceVersionDate "2010.11.25"]
[SourceQuality "1"]

1. d4 e6 2. c4 d5 3. Nc3 Nf6 4. Bg5 Nbd7 5. e3 Be7 6. a3 b6 7. Nf3 Bb7 8. cxd5 Nxd5 9. Bxe7 Qxe7 10. Be2 0-0 11. 0-0 Rfd8 12. Rc1 c5 13. Nxd5 Bxd5 14. g3 cxd4 15. Nxd4 Ne5 16. f4 Ng6 17. Bf3 e5 18. Bxd5 Rxd5 19. fxe5 Qxe5 20. Qf3 Rf8 21. Nc6 Qe6 22. Nd4 Qd7 23. Rc3 Rd6 24. Rfc1 Rf6 25. Qg2 Ne5 26. Rc7 Qa4 27. Rf1 Rxf1+ 28. Qxf1 Qa5 29. Rc3 Qd5 30. Qg2 Qa2 31. h3 Re8 32. Qc2 g6 33. Rc8 Rxc8 34. Qxc8+ Kg7 35. Qc3 Qd5 36. Qd2 Qf3 37. Ne2 Qxg3+ 38. Nxg3 Nf3+ 39. Kf2 Nxd2 40. Ke2 Nc4 41. Ne4 Nxb2 42. Nd2 Kf6 0-1